Freedom of choice

Պահպանված է:
Մատենագիտական մանրամասներ
Հիմնական հեղինակ: NAGY, Evie
Ձևաչափ: Գիրք
Լեզու:անգլերեն
Հրապարակվել է: Bloomsbury Academic 2015
Ցուցիչներ: Ավելացրեք ցուցիչ
Չկան պիտակներ, Եղեք առաջինը, ով նշում է այս գրառումը!

MARC

LEADER 00000nam a22000007a 4500
008 240610b |||||||| |||| 00| 0 eng d
020 |a  9781623563448 
100 |a NAGY, Evie 
245 |a Freedom of choice   |c / Evie Nagy  |e 33 1/3  |g xi,168p;ill 
260 |b Bloomsbury Academic  |c 2015  |h New York  |i 700005  |i 700006  |l ML421.D475N13  |m Devo (Musical group) Freedom of choice. 
942 |a lcc  |c BK  |e JOHNSON  |f 10/06/24 
952 |0 0  |1 0  |2 lcc  |4 0  |6 ML0421 D475 N13  |7 0  |9 5258  |a ART  |b HOL  |c LP  |d 2024-06-10  |l 0  |o ML421.D475N13  |p 2024-0503  |r 2024-06-10 00:00:00  |t 700005  |w 2024-06-10  |y BK 
952 |0 0  |1 0  |2 lcc  |4 0  |6 ML0421 D475 N13  |7 0  |9 5259  |a ART  |b HOL  |c LP  |d 2024-06-10  |l 0  |o ML421.D475N13  |p 2024-0504  |r 2024-06-10 00:00:00  |t 70000  |w 2024-06-10  |y BK 
999 |c 2607  |d 2607